000 00304nam a2200145Ia 4500
100 _aParr/ Andrew
942 _cBK
654 _aPneumatic power
245 _aHydraulic & pneumatic
260 _bJaico Pub
_aBombay
_c1993
082 _a621.51
_bPAN
300 _a223
546 _aENGLISH
999 _c19819
_d19819